| 000 | 00578nam a22001817a 4500 | ||
|---|---|---|---|
| 003 | OSt | ||
| 005 | 20260423090452.0 | ||
| 008 | 260423b |||||||| |||| 00| 0 eng d | ||
| 020 | _a0130198552 | ||
| 040 |
_aDWCL-Main lib. _cOC |
||
| 082 | _aCirc. 621.3 N599i 2002 | ||
| 100 | _aNilsson, James W. | ||
| 245 |
_aIntroductory circuit for electrical and computer engineering/ _cJames W. Nilsson |
||
| 260 |
_aNew Jersey : _bPrentice Hall, _c c2002. |
||
| 300 |
_axix, 555 pages : _billustrations ; _c23cm. |
||
| 700 | _aRiedel, Susan A. | ||
| 942 |
_2ddc _cBK-CIRC _hCirc. _n0 |
||
| 999 |
_c9810 _d9810 |
||